Statistiques concernant Paroles : Diana - One Direction

Cliquez ici pour prendre le quiz!

Statistiques générales

  • Ce quiz a été pris 20 fois
    (19 depuis la dernière actualisation)
  • Le résultat moyen est 222 sur 274

Statistiques - réponses

Réponse% Correct
a
100%
be
100%
Diana
100%
Diana
100%
I
100%
Le
100%
Let
100%
me
100%
one
100%
the
100%
The
100%
to
100%
you
100%
your
100%
but
92%
But
92%
can
92%
hear
92%
know
92%
Baby
85%
crying
85%
don't
85%
even
85%
eyes
85%
inside
85%
realize
85%
and
77%
call
77%
could
77%
feel
77%
fire
77%
light
77%
mine
77%
never
77%
save
77%
so
77%
still
77%
This
77%
all
69%
all?
69%
criminal
69%
different
69%
hold
69%
life
69%
lonely
69%
not
69%
now
69%
Oh
69%
saving
69%
small
69%
speak
69%
think
69%
those
69%
you'd
69%
are
62%
at
62%
been
62%
down
62%
heart
62%
How
62%
If
62%
I'm
62%
language
62%
look
62%
make
62%
mistreat
62%
over
62%
pictures
62%
put
62%
someone
62%
something
62%
these
62%
up
62%
We
62%
would
62%
break
54%
can't
54%
far
54%
I'd
54%
It's
54%
lift
54%
mislead
54%
miss
54%
need
54%
Swear
54%
They
54%
walls
54%
wanna
54%
you've
54%
You've
54%
fallen
46%
for
46%
four
46%
front
46%
months
46%
only
46%
pages
46%
out
38%
reach
38%
oneto
15%

Distribution des résultats

Percentile par nombre de réponses

% des personnes avec chaque résultat

Votre développement - résultats

Vous n’avez pas pris ce quiz depuis la dernière actualisation